000 00329nam a2200109Ia 4500
008 200626s9999 xx 000 0 und d
020 _a971-11-0793-7
100 _aDewey, Melvil
245 _cMelvil Dewey.--
_aDewey decimal classification and relative index/
260 _aNew York:
_bForest Press
_c1989
300 _avii, 864 pages
999 _c363881
_d363881